[Event "DSOL 02 Liga Gr-A 1st"]
[Site "Playchess.com INT"]
[Date "2020.08.14"]
[Round "2.4"]
[White "Bilicki, Joern"]
[Black "Barseghyan, Narek1111"]
[Result "1/2-1/2"]
[WhiteElo "1757"]
[BlackElo "1625"]
[PlyCount "40"]
[EventDate "2020.06.22"]
[EventType "team-tourn (rapid)"]
[EventCountry "GER"]
[SourceTitle "EXT 2021"]
[Source "ChessBase"]
[SourceDate "2020.10.23"]
[SourceVersion "1"]
[SourceVersionDate "2020.10.23"]
[SourceQuality "1"]
[WhiteTeam "Barmbek"]
[BlackTeam "Porz SG II"]
[WhiteTeamCountry "GER"]
[BlackTeamCountry "GER"]

1. Nf3 d5 2. c4 e6 3. b3 f5 4. Bb2 Nf6 5. e3 c6 6. Be2 Be7 7. 0-0 0-0 8. d4 Ne4 9. Nc3 Nxc3 10. Bxc3 Nd7 11. cxd5 exd5 12. Bd3 Nf6 13. Qc2 Ne4 14. Bb2 g6 15. Rac1 Ng5 16. Ne5 Nf7 17. f4 Nxe5 18. dxe5 Be6 19. Bd4 Qd7 20. Rfd1 Rfc8 1/2-1/2

[Event "DSOL 02 Liga Gr-A 1st"]
[Site "Playchess.com INT"]
[Date "2020.07.08"]
[Round "3.4"]
[White "Kumler, Steffen"]
[Black "Bilicki, Joern"]
[Result "1/2-1/2"]
[WhiteElo "1696"]
[BlackElo "1757"]
[PlyCount "79"]
[EventDate "2020.06.22"]
[EventType "team-tourn (rapid)"]
[EventCountry "GER"]
[SourceTitle "EXT 2021"]
[Source "ChessBase"]
[SourceDate "2020.10.23"]
[SourceVersion "1"]
[SourceVersionDate "2020.10.23"]
[SourceQuality "1"]
[WhiteTeam "Dortmund SV"]
[BlackTeam "Barmbek"]
[WhiteTeamCountry "GER"]
[BlackTeamCountry "GER"]

1. Nf3 d5 2. e4 e6 3. exd5 exd5 4. d4 Nc6 5. Bd3 Bg4 6. 0-0 Nxd4 7. Re1+ Be7 8. Nbd2 Nf6 9. c3 Nxf3+ 10. Nxf3 0-0 11. h3 Bh5 12. Bf4 Bd6 13. Bg5 h6 14. Bh4 g5 15. Bg3 Bxg3 16. fxg3 Qd6 17. g4 Bg6 18. Nd4 Rae8 19. Qc2 Ne4 20. Nf5 Bxf5 21. gxf5 Qc5+ 22. Kh2 Qd6+ 23. Kg1 Qc5+ 24. Kh2 Nf2 25. b4 Qd6+ 26. Kg1 Nxd3 27. Qxd3 c6 28. Qd4 b6 29. Re3 Rxe3 30. Qxe3 Qf6 31. g4 Rd8 32. Re1 d4 33. cxd4 Qxd4 34. a3 c5 35. bxc5 bxc5 36. Kf2 c4 37. Qxd4 Rxd4 38. Re3 Kg7 39. Rc3 Kf6 40. Re3 1/2-1/2

[Event "DSOL 02 Liga Gr-A 1st"]
[Site "Playchess.com INT"]
[Date "2020.06.26"]
[Round "1.4"]
[White "Bilicki, Joern"]
[Black "Schrepp, Florian"]
[Result "0-1"]
[WhiteElo "1757"]
[BlackElo "1968"]
[PlyCount "76"]
[EventDate "2020.06.22"]
[EventType "team-tourn (rapid)"]
[EventCountry "GER"]
[SourceTitle "EXT 2021"]
[Source "ChessBase"]
[SourceDate "2020.10.23"]
[SourceVersion "1"]
[SourceVersionDate "2020.10.23"]
[SourceQuality "1"]
[WhiteTeam "Barmbek"]
[BlackTeam "Ketsch"]
[WhiteTeamCountry "GER"]
[BlackTeamCountry "GER"]

1. Nf3 g6 2. g3 Bg7 3. Bg2 c6 4. c4 Nf6 5. Nc3 0-0 6. 0-0 d6 7. Rb1 Nbd7 8. b4 h6 9. d3 e5 10. Bd2 Ne8 11. e4 Nc7 12. Qc1 Kh7 13. h4 Ne6 14. Ne2 Nf6 15. Nh2 Nh5 16. Bf3 Nd4 17. Nxd4 exd4 18. Ng4 Bxg4 19. Bxg4 Nf6 20. Bh3 d5 21. exd5 cxd5 22. c5 Nd7 23. f4 f5 24. Bg2 Nf6 25. Bf3 Qd7 26. b5 Rac8 27. Bb4 Qxb5 28. Qd1 Qc6 29. Qb3 Rfe8 30. Rfe1 Bf8 31. Ba3 Rxe1+ 32. Rxe1 Rc7 33. Re5 Bxc5 34. Bxc5 Qxc5 35. Bxd5 Nxd5 36. Qxd5 Qc1+ 37. Kf2 Rc2+ 38. Re2 Qe3+ 0-1